IBM DB2 Univeral database V8.2 system administration (Student Manual) (Record no. 10373)

000 -LEADER
fixed length control field 00394 a2200121 4500
090 ## - LOCALLY ASSIGNED LC-TYPE CALL NUMBER (OCLC); LOCAL CALL NUMBER (RLIN)
-- 6542
-- 6542
100 ## - MAIN ENTRY--PERSONAL NAME
Personal name IBM
245 ## - TITLE STATEMENT
Title IBM DB2 Univeral database V8.2 system administration (Student Manual)
Statement of responsibility, etc. IBM
260 ## - PUBLICATION, DISTRIBUTION, ETC.
Place of publication, distribution, etc. USA :
Name of publisher, distributor, etc. International Business Machines Corporation,
Date of publication, distribution, etc. 2005.
300 ## - PHYSICAL DESCRIPTION
Extent xx, 1707 p. :
Other physical details ill. ;
Dimensions 27cm.
500 ## - GENERAL NOTE
General note IBM Manual (Course code L1-626.4)
942 ## - ADDED ENTRY ELEMENTS (KOHA)
Koha item type Book
Call number prefix 005.4565 IBM
Holdings
Withdrawn status Lost status Damaged status Not for loan Permanent Location Current Location Shelving location Total Checkouts Full call number Barcode Date last seen Price effective from Koha item type
        Central Library (CL) Central Library (CL) First Floor - Operating System/ Data Structure   005.4565 IBM SEECSD00370 11/14/2012 11/14/2012 Book
© 2023 Central Library, National University of Sciences and Technology. All Rights Reserved.